000 01103nam0a22002771 4500
001 RU\NLR\INFOCOMM_41\5000247901
005 20250613090440.0
035 _a(NLR Aleph) 009066351
090 _a7895333
_c7895333
100 _a20081015d1961 |||y0rusy50 ca
101 0 _aspa
102 _aRU
105 _aa z 000zy
200 1 _aEl papel de los sindicatos en la vida estatal y económica de la URSS
210 _a[М.]
_cProfisdat
_d1961
215 _a23, [5] с.
_cил.
_d20 см
300 _aНа 4-й с. обл.: Н. Антропов. Роль профессиональных союзов СССР в государственной и производственной жизни СССР
517 1 _aРоль профессиональных союзов СССР в государственной и производственной жизни СССР
686 _aИР-П178
_2rubbk
700 1 _aAntropov
_bN. P.
_gNikolaj Prochorovič
_4070
801 1 _aRU
_bNLR
_c20081015
801 0 _aRU
_bNLR
_gPSBO
852 _aNLR
_jИр71 Г-4/99
942 _cBOOK
980 _aNB